00789 2200301 4500001002100000005001500021035002000036007000300056040001700059100002600076245004000102250001000142300003000152504002400182020002200206041000800228082000800236084001400244090001400258264004900272336002100321337003000342338002300372650002100395850001000416008004100426990002000467INLIS00000000001328920260602034618 a0010-0725000048ta aSBPUPADbind0 aHendrawatiePengarang1 aMengenal MOLUSKA /cRia Novita Sari aCet.1 a57 hlm :bilus., ;c25 cm aBibliografi, hlm 56 a978-602-8823-04-3 aind a573 a573 HEN m a573 HEN m aJakarta.; :bIntimedia Ciptanusantara,c2010 2rdacontentaTeks 2rdamediaatanpa perantara 2rdacarrieravolume 4aIlmu Pengetahuan aPUPAD260602 0 ind  a25.931/H/DPK/18